000 00826nam a2200253Ia 4500
003 OSt
005 20250807121812.0
008 220923b |||||||| |||| 00| 0 eng d
037 _cReference
040 _aRTL
_cRTL
_beng
041 _2eng
_aeng
084 _aB36 K7/SC
_qRTL
245 0 _aContributions to the method of lie series
260 _aMannheim
_bBibliographisches Institute
_c1967
300 _a265 p.
_bIncludes bibliographical reference and index
500 _aBibliography :P.255-259
650 _aDifferential equations, Elliptic
_9817434
650 _aEquations differentials non Linearis
_9817435
650 _aMathematics
700 _aGrobner, W.
_9296040
_eEditor
700 _aKnapp, H.
_eEditor
_9296040
942 _hB36 K7/SC
_cREF
_2CC
_n0
999 _c589353
_d589353